'AL' Geography Challenge Quiz Stats

 Plays Quiz Updated Jul 22, 2018

Score 0/47 Timer 09:00
18 Plays Today
% Correct
Alabama
94.4%
Albania
84.6%
Alaska
81.4%
Algeria
78%
California
70%
Mali
59.2%
Albany
58.1%
Portugal
54.8%
Malaysia
54%
Australia
53.6%
Tallahassee
52.5%
Malta
51.5%
Maldives
50.4%
Senegal
50.1%
Nepal
50%
Malawi
50%
Italy
48.1%
Palau
47.5%
Guatemala
46.7%
El Salvador
44.7%
Algiers
42.9%
Salem
41.8%
Palestine
41.3%
New Zealand
40.2%
% Correct
Somalia
39.3%
Marshall Islands
38.3%
Raleigh
37.6%
Salt Lake City
36.2%
Central African Republic
35.8%
Tuvalu
31.6%
San Salvador
31.4%
Equatorial Guinea
31%
Tallinn
30.2%
Male
29.8%
Guatemala City
28.1%
Valletta
27.7%
Kuala Lumpur
24.2%
Jerusalem
23.2%
Malabo
21.5%
Sierra Leone
21.4%
Kampala
21%
Ramallah
19.6%
Tegucigalpa
19.4%
Kigali
18.7%
Andorra la Vella
18.3%
Palikir
16.6%
Nuku'alofa
12.5%

You're not logged in!

Compare scores with friends on all Sporcle quizzes.
OR
Log In

You Might Also Like...

Show Comments

Extras

Top Quizzes Today


Score Distribution

Your Account Isn't Verified!

In order to create a playlist on Sporcle, you need to verify the email address you used during registration. Go to your Sporcle Settings to finish the process.

Report this User

Report this user for behavior that violates our Community Guidelines.

Details: